00686nam a22001457a 4500999001700000020001800017082001700035245013300052260003300185300001500218520011400233700002500347942001200372952015600384 c39050d39050 a9780700701032 a297.4 bREL- aReligion in South Asia: bReligious Conversion and Revival Movements in south Asia in Medieval and Modern times cBy G.A. Oddie  aNew Delhi :bManohar,c2023. aviii,204p. aReligion in South Asia: Religious Conversion and Revival Movements in South Asia in Medieval and Modern Times aOddie, G,A.eeditor. 2ddccBK 00104070aNASSDOCbNASSDOCd2024-03-21eRajasthani Granthagarg718.39i2024-03-18l0o297.4 REL-p54094r2024-04-22 00:00:00v995.00w2024-03-18yBK